Dossier fiscal 2011 (Registro nro. 12689)

Detalles MARC
000 -LEADER
fixed length control field 01040nam a2200241Ia 4500
003 - CONTROL NUMBER IDENTIFIER
control field OSt
005 - DATE AND TIME OF LATEST TRANSACTION
control field 20211014102749.0
008 - FIXED-LENGTH DATA ELEMENTS--GENERAL INFORMATION
fixed length control field 210310s2011 bo ad gr 000 0 spa d
040 ## - CATALOGING SOURCE
Original cataloging agency CO-JMCR
Transcribing agency CO-JMCR
041 0# - LANGUAGE CODE
Language code of text/sound track or separate title spa
082 04 - DEWEY DECIMAL CLASSIFICATION NUMBER
Edition number 23
Item number M665d
Classification number 336.84 /
110 2# - MAIN ENTRY--CORPORATE NAME
Corporate name or jurisdiction name as entry element Ministerio de Economía y Finanzas Publicas, Estado Plurinacional de Bolivia
9 (RLIN) 41157
245 10 - TITLE STATEMENT
Title Dossier fiscal 2011
Statement of responsibility, etc. Ministerio de Economía y Finanzas Publicas, Estado Plurinacional de Bolivia
260 ## - PUBLICATION, DISTRIBUTION, ETC.
Place of publication, distribution, etc. Bolivia :
Name of publisher, distributor, etc. Bustillos,
Date of publication, distribution, etc. 2011.
300 ## - PHYSICAL DESCRIPTION
Extent 149 páginas :
Other physical details ilustraciones y gráficas en blanco y negro ;
Dimensions 28 cm.
500 ## - GENERAL NOTE
General note Incluye índice de cuadros y de gráficos.
505 0# - FORMATTED CONTENTS NOTE
Formatted contents note Análisis fiscal. -- Ingresos. -- Gastos. -- Deuda. -- Acuerdo de decisión de ejecución del programa fiscal financiero. -- Perspectivas.
650 14 - SUBJECT ADDED ENTRY--TOPICAL TERM
Topical term or geographic name entry element Análisis fiscal
Geographic subdivision Bolivia
9 (RLIN) 41158
650 24 - SUBJECT ADDED ENTRY--TOPICAL TERM
Topical term or geographic name entry element Ingresos fiscales
Geographic subdivision Bolivia
9 (RLIN) 41159
650 24 - SUBJECT ADDED ENTRY--TOPICAL TERM
Topical term or geographic name entry element Deuda externa
Geographic subdivision Bolivia
9 (RLIN) 41160
710 1# - ADDED ENTRY--CORPORATE NAME
Corporate name or jurisdiction name as entry element Estado Plurinacional de Bolivia
Relator term autor
9 (RLIN) 41161
942 ## - ADDED ENTRY ELEMENTS (KOHA)
Source of classification or shelving scheme Dewey Decimal Classification
Koha item type Books
Existencias
Withdrawn status Lost status Source of classification or shelving scheme Damaged status Not for loan Home library Current library Shelving location Date acquired Source of acquisition Full call number Barcode Date last seen Copy number Price effective from Koha item type
    Dewey Decimal Classification     Biblioteca Pública José María del Castillo y Rada Biblioteca Pública José María del Castillo y Rada General Stacks 04/15/2018 Donación 336.84 / M665d 430013147 05/16/2024 Ej.1 03/10/2021 Books